000 00345nam a2200133Ia 4500
008 221224s9999||||xx |||||||||||||| ||und||
082 _a242
_bJHA/C
100 _a Jha, Acharya Anand
245 0 _aCharvak Darsana
250 _a1st Edition
260 _aLucknow
_bHindi Samiti, Soochana Vibhag Uttar Pradesh&c1969
300 _a474
942 _cVB
999 _c38870
_d38870